Alle Gewinner aus "Ich bin ein Star, holt mich hier raus" - Statistiken

Allgemein
  • Dieses Quiz wurde 100 mal gespielt
  • Das Durchschnittsergebnis liegt bei 8 aus 17
Antwortstatistiken
Jahr Gewinner/-in % Korrekt
2004 Costa Cordalis
94%
2013 Joel „Joey“ Heindle
64%
2012 Brigitte Nielsen
58%
2004 Désirée Nick
58%
2016 Menderes Bagci
58%
2009 Ross Antony
56%
2010 Ingrid van Bergen
48%
2022 Filip Pavlovic
47%
2019 Evelyn Burdecki
45%
2011 Peer Kusmagk
45%
2020 Prince Damien
42%
2023 Djamila Rowe
38%
2024 Lucy Diakovska
38%
2015 Maren Gilzer
38%
2014 Melanie Müller
36%
2018 Jennifer "Jenny" Frankhauser
34%
2017 Marc Terenzi
27%
Keine übereinstimmenden Quizze gefunden
Verteilung der Resultate
Anzahl Personen mit jedem Resultat
Perzentil nach korrekt beantworteten Fragen
Ihre Resultats-Entwicklung
Sie haben dieses Quiz noch nicht gespielt